| 000 | 01041nam a2200301 a 4500 | ||
|---|---|---|---|
| 001 | 000011220 | ||
| 003 | DO-SdBPM | ||
| 005 | 20250730134846.0 | ||
| 007 | ta | ||
| 008 | 091015t1991 dr a r 001 p spa d | ||
| 040 |
_aDO-SdBPM _bspa _cBPMSU _drda |
||
| 082 | 4 |
_aRD861.44 _bR696e 1991 _222 |
|
| 100 | 1 |
_aRodríguez de León, Francisco, _d1945- _eautor |
|
| 245 | 1 | 4 |
_aLos exiliados del sueño / _cFrancisco Rodríguez de León. |
| 264 |
_aSanto Domingo : _bEditor Taller, _c1991. |
||
| 300 |
_a62 páginas . : _bilustraciones ; _c20 cm. |
||
| 336 |
_atexto _btxt _2rdacontent |
||
| 337 |
_asin mediación _bn _2rdamedia |
||
| 338 |
_avolumen _bnc _2rdacarrier |
||
| 500 | _aIncluye datos biográficos del autor en la contracubierta. | ||
| 504 | _aIncluye glosario : p. 45-59. | ||
| 504 | _aIncluye referencias bibliográficas y notas al pie de las págianas | ||
| 590 | _aInventariado, 2025/VM | ||
| 650 | 7 | _aPoesía dominicana | |
| 650 | 7 | _aLiteratura dominicana. | |
| 910 | _aVMateo V. Control de calidad. BPMSU | ||
| 942 |
_2ddc _cBK |
||
| 999 |
_c15295 _d15295 |
||